00426nam a2200157Ia 4500008004100000020001500041041000800056082001300064100004000077245003400117250000600151260004500157300000900202650002200211700003500233210716s2003 xx 000 0 und d a8186062327 aeng a423 SOAC aSoanes, Catherine;Stevenson, Angus. aOxford dictionary of English. a2 aNew DelhibOxford University Pressc2003 a2088 aDictionaries(413) aHanks, Patrick.;Pearsall, Judy